Resoluciones y decisiones que se refieren específicamente a la mujer

Enregistré dans:
Détails bibliographiques
Collectivité auteur: Naciones Unidas. Consejo Económico y Social, Primera Sesión Odinaria, 1982
Format: Texte
Publié: New York, NY: Centro de la Tribuna Internacional de la Mujer
Sujets:
Tags: Ajouter un tag
Pas de tags, Soyez le premier à ajouter un tag!

MARC

LEADER 00000 a a2200000 04500
001 13934
003
040
090 |a 020800  
110 |a Naciones Unidas. Consejo Económico y Social, Primera Sesión Odinaria, 1982  
245 |a Resoluciones y decisiones que se refieren específicamente a la mujer  
260 |a New York, NY:   |b Centro de la Tribuna Internacional de la Mujer  
300 |a 35 p.  
650 |a MUJERES  
999 |c 1414  |d 1414